Statistics for Otters at the Monterey Bay Aquarium

Click here to take the quiz!

General Stats

  • This quiz has been taken 7 times
  • The average score is 2 of 6

Answer Stats

Fun Fact!Otter% Correct
Oldest otter in the worldRosa
100%
Died from a parasitic infection o7Gidget
20%
Nicknamed "wild child"Ivy
20%
Youngest otter pup to go on exhibit at the AquariumKit
20%
Survived a shark attackSelka
20%
Named after her favorite toy (a bright red ball)Ruby
0%

Score Distribution

Percentile by Number Answered

Percent of People with Each Score

Your Score History

You have not taken this quiz